Gry video A-Z - Statystyki

Ogólne statystyki
  • Ten quiz został rozwiązany 76 razy
  • Średni wynik to 14 z 23
Statystyki odpowiedzi
Litera Podpowiedź Gra video % Poprawnych
A Strategiczna gra autorstwa InnerSloth której celem jest wykonywanie zadań na statku i uważanie na tytułowego "Impostora" Among Us
93%
M Gra stworzona przez Mojang. Otwarty w niej kwadratowy świat pozwala nam na eksplorowanie, budowanie, walkę z potworami i wiele więcej Minecraft
72%
W Seria polskich gier od CD Project Red z Geraltem z Rivii w roli głównej Wiedzmin
72%
R Przygodowa gra akcji od Rockstar mająca miejsce na dzikim zachodzie Read Dead Redemption
70%
D Polska gra od studia Techland mająca miejsce w mieście Harran w którym mieszkańcy są zarażeni chorobą która zamienia ich w zombie Dying Light
68%
J Seria gier rytmicznych od Ubisoft. W niej gracze muszą wykonywać ruchy pokazane na ekranie w rytm różnych piosenek Just Dance
68%
N Seria gier wyścigowych od Electronic Arts. Najpopularniejszą częścią pod względem sprzedaży i oceny fanów jest Most Wanted Need for Speed
68%
P Zręcznościówka, w której jako żółta kulka przemierzamy labirynt zjadając kulki i unikając duchów Pac-Man
67%
U Seria przygodowych gier akcji, której bohaterem jest poszukiwacz skarbów Natan Drake. Powstał o niej też film, gdzie głównego bohatera grał Tom Holland Uncharted
67%
V Strzelanka od Riot Games. Początkowo była zapowiedziana jako Project A Valorant
65%
O Gra platformowa w której dwaj gracze przemierzają poziomy jako dwa żywioły. Klasyk na informatyce w podstawówce Ogień i Woda
62%
S Kompletny klasyk na rynku gier. Stworzony w 1985 roku przez Nintendo opowiada o hydrauliku który musi pokonywać przeszkody aby uratować księżniczkę Super Mario Bros
62%
F Horror w którym wcielamy się w stróża nocnego i próbujemy przeżyć w naszym biurze podczas gdy żywe animatroniki próbują się do ciebie dobrać Five Nights at Freddy's
60%
G Sandbox od Garrego Nemana w którym...robisz co chcesz Garry's Mod
58%
T FPS od Valve w którym możemy grać takimi klasami jak Szpieg, Medyk czy Żołnierz Team Fortress 2
55%
E Gra symulacyjna w której jeździsz ciężarówką Euro Truck Simulator 2
52%
L Seria gier platformowych od Sony, której bohaterem jest szmacianka zwana SackBoyem. Posiada kreator poziomów LittleBigPlanet
52%
H Gra indie w której wcielamy się w bezimiennego wojownika-owada, eksplorującego Hallownest, upadłe królestwo nękane przez nadprzyrodzoną chorobę. Niedawno doczekała się nowej części Hollow Knight
48%
I Platformowa gra stworzona przez zespół Free Lunch Design. Celem gry jest zdobycie oblodzonej wierzy poprzez zdobywanie kolejnych stopni skacząc po platformach Icy Tower
48%
K Seria gier od Nintendo w której przemierzamy światy jako mały różowy stworek mający możliwość wciągania kogoś i się nim stać Kirby
45%
B Gra gatunku tower defense w której musimy strzelać do balonów za pomocą małp Bloons Tower Defense
35%
C Strzelanka od Konami mająca miejsce w 2633 roku. Wcielamy się w niej w żołnierza walczącego z kosmitami którzy zaatakowali ziemię. Powinien ją pamiętać każdy kto miał Pegasusa Contra
35%
Z Seria gier od Blue Fang Games, w których wcielamy się we właściciela zoo i staramy się jak najlepiej je ulepszyć i uczynić atrakcyjnym Zoo Tycoon
28%
Nie znaleziono quizów pasujących do podanych kryteriów
Rozkład punktacji
Procent ludzi z każdym wynikiem
Percentyl według liczby udzielonych odpowiedzi
Twoja historia wyników
Nie rozwiązałeś tego quizu